000 nam a22 a 4500
999 _c427405
_d427405
003 BLK
005 20210809103052.0
008 210809b bu |||||r|||| 00| | bu d
040 _aBLK
041 _aRUS
_cRUS
080 _aРуска литература
_b821.161.1
_x-1
_z821.161.1-1
080 _aРуска литература
_b821.161.1
_x-2
_z821.161.1-2
100 _91299
_aКрылов, Иван Андреевич
_eпърви автор
139 _aКрылов, Иван Андреевич
245 _aСочинения
_bВ 2 т.
_cИван Андреевич Крылов, [Вступ. ст., подготовка текста и примеч. Н. Л. Степанова]
_nТ.2
_pБасни , Стихотворения, Пьесы
260 _9438196
_aМосква
_bГослитиздат
_c1955
300 _c21 см
380 _aX
760 _aИван Андреевич Крылов
_dМосква : Гослитиздат, 1955
_h512 с.
_oТ.2
_tБасни , Стихотворения, Пьесы
852 _aЦб 8.205.46294
_bО
942 _cKNG
_n0
_s1
944 _aCR
_c2021-08-09
_kМикаела Микова-Илиева
_l2021-08-09
999 _d427404